Movies Quiz

Random Movies or Disney Quiz

Disney Animated Classics Quiz Stats

Quiz not verified by Sporcle

Challenge
Share
Tweet
Embed
Score 0/53 Timer 07:00
1 Play Today
Number DVD % Correct
1Snow White and the Seven Dwarfs
84.2%
12Cinderella
77.8%
16Sleeping Beauty
74.9%
4Dumbo
73.9%
30Beauty and the Beast
72.4%
5Bambi
71.9%
2Pinocchio
71.4%
32The Lion King
70.9%
36Mulan
70.9%
31Aladdin
70.4%
28The Little Mermaid
67%
3Fantasia
65.5%
14Peter Pan
62.1%
17101 Dalmatians
60.6%
37Tarzan
58.6%
35Hercules
58.1%
50Tangled
58.1%
20The Aristocats
57.6%
33Pocahontas
57.6%
13Alice in Wonderland
57.1%
15Lady and the Tramp
56.7%
49The Princess and the Frog
55.7%
53Frozen
53.7%
19The Jungle Book
52.2%
23The Rescuers
52.2%
21Robin Hood
50.2%
18The Sword in the Stone
49.8%
Number DVD % Correct
24The Fox and the Hound
48.3%
42Lilo & Stitch
47.8%
9Fun and Fancy Free
46.8%
29The Rescuers Down Under
45.3%
34The Hunchback of Notre Dame
44.8%
22The many Adventures of Winnie the Pooh
44.3%
51Winnie the Pooh
44.3%
38Fantasia 2000
43.3%
48Bolt
42.4%
52Wreck-It Ralph
42.4%
25The Black Cauldron
40.4%
8Make Mine Music
39.4%
27Oliver & Company
39.4%
44Brother Bear
38.9%
7The Three Caballeros
38.4%
40The Emperor's New Groove
37.4%
43Treasure Planet
36.9%
45Home on the Range
36.9%
26The Great Mouse Detective
36.5%
46Chicken Little
36.5%
41Atlantis: The Lost Empire
36%
11The Adventures of Ichabod and Mr Toad
35.5%
39Dinosaur
35%
47Meet the Robinsons
35%
10Melody Time
33.5%
6Saludos Amigos
32%

You're not logged in!

Compare scores with friends on all Sporcle quizzes.
Join for Free
OR
Log In

You Might Also Like...

Show Comments

Extras

Top Quizzes Today


Score Distribution

Your Account Isn't Verified!

In order to create a playlist on Sporcle, you need to verify the email address you used during registration. Go to your Sporcle Settings to finish the process.

Report this User

Report this user for behavior that violates our Community Guidelines.

Details: